Famous Fives: First Names Quiz Stats

 Plays Quiz Updated Aug 12, 2016

Also try: Click a Jim
Challenge
Share
Tweet
Embed
Score 0/60 Timer 08:00
3 Plays Today
% Correct
Travolta
97.2%
Lennon
95.3%
Nixon
93.5%
Phelps
93.2%
Edison
93.2%
Jackson
92.7%
F. Kennedy
92.3%
De Niro
92.1%
Dickens
91.9%
Darwin
91.8%
Brown
91.8%
Gere
91.5%
Dean
91.1%
Beckham
89.7%
Hasselhoff
89.4%
Jefferson
88.6%
Stalin
88.2%
Reeve
87.3%
Schwimmer
87%
Earl Jones
86.9%
E. Lee
86.4%
Columbus
85.8%
Craig
85.5%
Radcliffe
85.5%
Redford
85.3%
Day-Lewis
84.3%
Shatner
84.2%
Lindbergh
80.4%
Keaton
78.9%
Madison
78.4%
% Correct
Plant
77.7%
Letterman
76.3%
D. Rockefeller
76.2%
Pulitzer
76.1%
Jordan
74.7%
Walken
73.2%
Joyce
72%
Branson
71.1%
Pryor
70.5%
Bowie
69%
Shakespeare
65.8%
de Gaulle
61.5%
Wayne
60.2%
Fiennes
59.6%
Wagner
57.5%
Faulkner
57.2%
Defoe
57.1%
Goebbels
55.8%
Conrad
55.2%
Schumacher
55.2%
Nolan
53.9%
Paine
49.4%
Kinkade
48.6%
Hardy
46.3%
Burns
43.8%
Marlowe
42.1%
Babbage
41%
Blake
31.1%
McKinley
26.8%
Hale Williams
20.8%

You're not logged in!

Compare scores with friends on all Sporcle quizzes.
OR
Log In

You Might Also Like...

Show Comments

Extras

Top Quizzes Today


Score Distribution

Your Account Isn't Verified!

In order to create a playlist on Sporcle, you need to verify the email address you used during registration. Go to your Sporcle Settings to finish the process.

Report this User

Report this user for behavior that violates our Community Guidelines.

Details: